000 00437nam a2200157Ia 4500
005 20250729165405.0
008 250729s2006 xx 000 0 und d
041 _aeng
082 _a372.8 LAXM
100 _aLaxmi Siva Venkta
_9222651
245 _aMethods of Teaching Enviournmental Science
260 _aNew Delhi
_bDiscovery Publishing House
_c2006
300 _a331p
650 _aScience
_9222652
700 _aSubbaiah G L
_9222653
999 _c235555
_d235555